[Event "Amber-blind 5th"]
[Site "Monte Carlo"]
[Date "1996.??.??"]
[Round "4"]
[White "Nikolic, Predrag"]
[Black "Kamsky, Gata"]
[Result "1-0"]
[WhiteElo "2645"]
[BlackElo "2735"]

1.d4 Nf6 2.Nf3 g6 3.g3 Bg7 4.Bg2 O-O 5.O-O c6 6.c4 d6 7.b3 Nbd7 8.Nc3 e5
9.e4 Re8 10.h3 a6 11.Be3 exd4 12.Nxd4 Nc5 13.Qc2 Qe7 14.Rae1 Bd7 15.Bc1 a5
16.Bb2 Rad8 17.Re2 Bc8 18.Rd1 Qc7 19.Bc1 Qb6 20.Be3 Rd7 21.Red2 Qb4 22.Nde2 Rde7
23.f3 Rd7 24.g4 a4 25.Nxa4 Nxa4 26.bxa4 h6 27.Qb3 Qa5 28.Bb6 Qe5 29.f4 Qe7
30.Ng3 Nh7 31.a5 Nf8 32.f5 Be5 33.Ne2 Kg7 34.Nd4 Nh7 35.a6 bxa6 36.Nxc6 Qg5
37.Nxe5 Rxe5 38.Bd4 Nf6 39.c5 dxc5 40.Bxe5 Rxd2 41.Rxd2 Qxd2 42.Qb6 Qg5 43.Qxc5 Bd7
44.Qf2 Qc1+ 45.Kh2 Qc4 46.Qb6 Qc6 47.Qxc6 Bxc6 48.Bxf6+ Kxf6 49.e5+ Kxe5
50.fxg6 fxg6 51.Bxc6 Kf4 52.a4 g5 53.a5 Ke5 54.Bb7  1-0

[Event "Amber-rapid 5th"]
[Site "Monte Carlo"]
[Date "1996.??.??"]
[Round "5"]
[White "Nikolic, Predrag"]
[Black "Ivanchuk, Vassily"]
[Result "0-1"]
[WhiteElo "2645"]
[BlackElo "2735"]

1.d4 d5 2.c4 c6 3.Nc3 Nf6 4.Nf3 dxc4 5.a4 Na6 6.e4 Bg4 7.Bxc4 Bxf3 8.gxf3 e6
9.Bxa6 bxa6 10.Qd3 a5 11.Qc4 Rc8 12.Be3 Be7 13.O-O O-O 14.Kh1 Qb6 15.b3 Qb7
16.Rfd1 Rfd8 17.Ne2 Nd7 18.Rac1 g6 19.Nf4 Ba3 20.Ra1 Bf8 21.Nd3 Rb8 22.Rab1 Bd6
23.Qc3 Qa6 24.Bg5 Rdc8 25.Nc5 Nxc5 26.dxc5 Bf8 27.Rd7 Bg7 28.Bf6 Rb7 29.Rxb7 Bxf6
30.Qxf6 Qxb7 31.Qc3 Rd8 32.Qxa5 Rd3 33.b4 Qb8 34.Qa6 Rxf3 35.Qxc6 Qf4 36.Rf1 Rh3
37.Qd6 Qxe4+ 38.f3 Qxb4 39.Rd1 Rxf3 40.Qe5 Qa5 41.Qb8+ Kg7 42.Qe5+ Kh6 43.Qe4 Qc3
44.c6 Rf5 45.a5 Kg7 46.a6 Re5 47.Qd4 Qxc6+ 48.Kg1 Qc5 49.Qxc5 Rxc5 50.Rd7 Ra5
51.Rxa7 Ra2 52.h3 g5 53.Kf1 h5 54.Kg1 Kf6 55.Kf1 g4 56.hxg4 hxg4 57.Kg1 e5
58.Kf1 Ke6 59.Ra8 f6 60.a7 Kf5 61.Kg1 e4 62.Kf1 g3 63.Kg1 Kf4 64.Rf8 Rxa7
65.Rxf6+ Ke5 66.Rf8 Ra2 67.Rg8 Kf4 68.Rf8+ Kg4 69.Rg8+ Kf3 70.Rf8+ Ke2 71.Kg2 e3
72.Kxg3 Ra7 73.Rb8 Rg7+ 74.Kh2 Kf2 75.Rf8+ Ke1 76.Rd8 e2 77.Kh3 Rg5  0-1

[Event "Amber-blind 5th"]
[Site "Monte Carlo"]
[Date "1996.??.??"]
[Round "5"]
[White "Ivanchuk, Vassily"]
[Black "Nikolic, Predrag"]
[Result "1/2-1/2"]
[WhiteElo "2735"]
[BlackElo "2645"]

1.e4 e5 2.Nf3 Nc6 3.Bc4 Nf6 4.d3 Be7 5.O-O O-O 6.Bb3 d6 7.c3 Na5 8.Bc2 c5
9.Re1 Nc6 10.Nbd2 Re8 11.Nf1 h6 12.a3 Bf8 13.b4 d5 14.exd5 Nxd5 15.Bb2 Nf4
16.Ng3 a6 17.Qd2 Ng6 18.d4 cxd4 19.cxd4 exd4 20.Nxd4 Rxe1+ 21.Rxe1 Nxd4 22.Bxd4 a5
23.Bb3 Ra6 24.Ne4 axb4 25.axb4 Bf5 26.Bc5 Qxd2 27.Nxd2 Bxc5 28.bxc5 Bd7 29.Bd5 Bc6
30.Bxc6 Rxc6 31.Nb3 b6 32.cxb6 Rxb6 33.Nd2 Kf8 34.g3 Rc6 35.h4 Ne7 36.Nf3 g6
37.Ne5 Rc7 38.Rd1 h5 39.Rd8+ Kg7 40.Rd7 Rxd7 41.Nxd7 Nf5 42.Kg2 f6 43.Kf3 g5
44.hxg5 fxg5 45.Nc5 Nd6 46.Kg2 g4 47.f3 gxf3+ 48.Kxf3 Nf5 49.Kf4 Nxg3 50.Kxg3  1/2-1/2

[Event "Amber-blind 5th"]
[Site "Monte Carlo"]
[Date "1996.??.??"]
[Round "7"]
[White "Nikolic, Predrag"]
[Black "Ljubojevic, Ljubomir"]
[Result "1/2-1/2"]
[WhiteElo "2645"]
[BlackElo "2600"]

1.d4 Nf6 2.c4 e6 3.Nf3 b6 4.g3 Bb7 5.Bg2 Be7 6.O-O O-O 7.Bf4 d5 8.Ne5 Nbd7
9.Nc3 c6 10.e4 Nxe5 11.dxe5 Nxe4 12.Nxe4 dxe4 13.Bxe4 Qxd1 14.Rfxd1 Rfd8
15.Be3 Rab8 16.a3 Rxd1+ 17.Rxd1 c5 18.Bxb7 Rxb7 19.a4 Kf8 20.Kg2 Ke8 21.Kf3 Rd7
22.Rxd7 Kxd7 23.Ke4  1/2-1/2

[Event "Amber-rapid 5th"]
[Site "Monte Carlo"]
[Date "1996.??.??"]
[Round "7"]
[White "Ljubojevic, Ljubomir"]
[Black "Nikolic, Predrag"]
[Result "1/2-1/2"]
[WhiteElo "2600"]
[BlackElo "2645"]

1.e4 e5 2.Nf3 Nc6 3.Bb5 a6 4.Ba4 Nf6 5.O-O Be7 6.d4 exd4 7.e5 Ne4 8.Nxd4 Nxd4
9.Qxd4 Nc5 10.Nc3 O-O 11.Nd5 d6 12.Nxe7+ Qxe7 13.exd6 Qxd6 14.Qxd6 cxd6 15.Bb3 Nxb3
16.axb3 Bf5 17.c3 Rfe8 18.Be3 Bc2 19.b4 Rac8 20.Rfc1 Bb3 21.Ra3 Be6 22.Rd1 Rc6
23.Bf4 f6 24.h3 Bc4 25.Rxd6 Rxd6 26.Bxd6 Re1+ 27.Kh2 Rb1 28.Ra5 Bb5 29.Ra2 Bc4
30.Ra5 Bb5 31.Ra2 Bc4 32.Ra5  1/2-1/2

[Event "Amber-blind 5th"]
[Site "Monte Carlo"]
[Date "1996.??.??"]
[Round "8"]
[White "Xie Jun"]
[Black "Nikolic, Predrag"]
[Result "0-1"]
[WhiteElo "2530"]
[BlackElo "2645"]

1.e4 e5 2.Nf3 Nc6 3.Bb5 a6 4.Ba4 Nf6 5.O-O Be7 6.Bxc6 dxc6 7.Qe2 c5 8.Nxe5 Qd4
9.Nf3 Qxe4 10.Qxe4 Nxe4 11.d3 Nf6 12.Re1 h6 13.Bf4 Nd5 14.Be5 f6 15.Nc3 Nxc3
16.Bxc3 Kf7 17.Re3 Re8 18.Rae1 Bd7 19.Be5 Rac8 20.Bg3 Bf8 21.Rxe8 Bxe8 22.Nd2 Bd7
23.f3 Be6 24.a4 Ke7 25.Kf2 Kd7 26.Ke2 Bf7 27.Kd1 Ra8 28.Ne4 Rd8 29.Kc1 c4
30.d4 b6 31.Kd2 Kc8 32.Nxf6 gxf6 33.Re6 Bxe6  0-1

[Event "Amber-rapid 5th"]
[Site "Monte Carlo"]
[Date "1996.??.??"]
[Round "8"]
[White "Nikolic, Predrag"]
[Black "Xie Jun"]
[Result "1-0"]
[WhiteElo "2645"]
[BlackElo "2530"]

1.Nf3 Nf6 2.c4 g6 3.g3 Bg7 4.Bg2 O-O 5.O-O d5 6.cxd5 Nxd5 7.d4 Nb6 8.Nc3 Nc6
9.d5 Na5 10.Bf4 c6 11.dxc6 Qxd1 12.Rfxd1 Nxc6 13.Rac1 Bf5 14.b3 Rac8 15.Be3 Rfd8
16.Nb5 Nd5 17.Nxa7 Nxe3 18.Rxd8+ Rxd8 19.Nxc6 bxc6 20.fxe3 Be4 21.Ne1 Bf5
22.Nf3 Be4 23.Rc4 Rd1+ 24.Kf2 Bd5 25.Rc2 Bh6 26.Nh4 Be6 27.Bxc6 g5 28.Nf3 Bh3
29.Ne1 Bg7 30.Bg2 Bf5 31.Rc5 e6 32.Rc8+ Bf8 33.e4 Bg6 34.Nd3 Kg7 35.Rc1 Rd2
36.a4 Ra2 37.Ke3 h5 38.h3 Bd6 39.g4 Bb8 40.Bf3 Ba7+ 41.Nc5 hxg4 42.hxg4 Rb2
43.Kd3 Bxc5 44.Rxc5 Rxb3+ 45.Kc4 Ra3 46.Kb4 Ra1 47.Rxg5 f6 48.Rc5 Be8 49.a5 e5
50.g5 Kg6 51.gxf6 Kxf6 52.Bg4 Ra4+ 53.Kc3 Rxe4 54.Bf3 Ra4 55.Bb7 Bh5 56.Kb3 Ra1
57.Kb2 Ra4 58.Bc6 Rg4 59.Bf3 Rg5 60.Bxh5 Rxh5 61.a6 Rh7 62.Ra5 Ra7 63.Kc3 Ke6
64.Kc4 Kd6 65.Kb5 Kc7 66.e4 Ra8 67.Kc5 Rd8 68.a7 Kb7 69.a8=Q+  1-0

[Event "Amber-rapid 5th"]
[Site "Monte Carlo"]
[Date "1996.??.??"]
[Round "9"]
[White "Kramnik, Vladimir"]
[Black "Nikolic, Predrag"]
[Result "1/2-1/2"]
[WhiteElo "2775"]
[BlackElo "2645"]

1.Nf3 d6 2.d4 Bg4 3.c4 e5 4.dxe5 Bxf3 5.exf3 dxe5 6.Qxd8+ Kxd8 7.Nc3 Nd7
8.f4 Bd6 9.fxe5 Bxe5 10.Bd2 Ngf6 11.O-O-O Re8 12.f4 Bd4 13.Nb5 Bf2 14.g3 a6
15.Na3 Be3 16.Bh3 Bxd2+ 17.Rxd2 Re7 18.Rhd1 Ke8 19.b4 g6 20.c5 Nf8 21.Nc4 Ne6
22.Bg2 c6 23.f5 gxf5 24.Nd6+ Kf8 25.Nxf5 Rc7 26.a3 a5 27.Kb2 axb4 28.axb4 Rb8
29.Ra1 b6 30.cxb6 Rcb7 31.Ra6 Rxb6 32.Rxb6 Rxb6 33.Kc3 c5 34.bxc5 Rb5  1/2-1/2

[Event "Amber-blind 5th"]
[Site "Monte Carlo"]
[Date "1996.??.??"]
[Round "10"]
[White "Piket, Jeroen"]
[Black "Nikolic, Predrag"]
[Result "1-0"]
[WhiteElo "2570"]
[BlackElo "2645"]

1.d4 f5 2.c4 Nf6 3.g3 g6 4.Bg2 Bg7 5.Nf3 O-O 6.O-O d6 7.Nc3 Na6 8.b3 c6 9.Bb2 Qe8
10.d5 Bd7 11.Rc1 Rc8 12.Ba1 h6 13.Nd4 Nc5 14.e3 a5 15.Qd2 Qf7 16.Rfd1 g5
17.f4 Qg6 18.Qe1 Kh7 19.Rc2 Rfe8 20.Re2 e5 21.dxe6 Bxe6 22.Qf1 Bd7 23.Nc2 Bf8
24.Red2 Rcd8 25.Rd4 Bc8 26.fxg5 hxg5 27.e4 Nfxe4 28.Nxe4 fxe4 29.Qe2 Bg7
30.Rxd6 Rxd6 31.Rxd6 Qf7 32.Bxg7 Kxg7 33.Qe3 Qf5 34.Qd4+ Qe5 35.Qxe5+ Rxe5
36.Ne3 Be6 37.Bf1 Kf7 38.Be2 Ke7 39.Rd1 Bc8 40.Kg2 Bf5 41.Rh1 Bg6 42.h4 gxh4
43.gxh4 Bh7 44.Kg3 Ne6 45.Rd1 Ng7 46.Bg4 Ne6 47.h5 Rg5 48.Kh4 Rg8 49.a3 Nc5
50.b4 axb4 51.axb4 Nd3 52.b5 Kd6 53.Rf1 Rg7 54.bxc6 bxc6 55.Rf6+ Ke5 56.Rxc6 Kf4
57.Ng2+ Ke5 58.Re6+ Kd4 59.h6 Ra7 60.Rd6+ Kxc4 61.Kg5 Ne5 62.Ne3+ Kc3 63.Bh5 Nd3
64.Nd5+ Kc2 65.Nf6 Ra5+ 66.Rd5 Rxd5+ 67.Nxd5 Nc5 68.Kf6 e3 69.Nxe3+ Kd2 70.Nc4+ Kc3
71.Nd6 Kd4 72.Bg4 Kd5 73.Bf5  1-0

[Event "Amber-blind 5th"]
[Site "Monte Carlo"]
[Date "1996.??.??"]
[Round "11"]
[White "Nikolic, Predrag"]
[Black "Shirov, Alexei"]
[Result "1/2-1/2"]
[WhiteElo "2645"]
[BlackElo "2690"]

1.d4 d5 2.c4 c6 3.e3 Nf6 4.Bd3 e5 5.Ne2 exd4 6.Nxd4 c5 7.Nf3 dxc4 8.Bxc4 Qxd1+
9.Kxd1 Be7 10.Ke2 a6 11.a4 b6 12.b3 Nc6 13.Nbd2 Rb8 14.Bb2 b5 15.axb5 axb5
16.Bd3 O-O 17.Bxf6 Bxf6 18.Rac1 Be7 19.Ne4 c4 20.bxc4 b4 21.Ra1 b3 22.Rhb1 Bg4
23.Nd2 b2 24.Ra2 Bf6 25.Ne4 Be5 26.h3 Bxf3+ 27.gxf3 f5 28.Nc5 Nb4 29.Ra4 g6
30.f4 Bh8 31.Na6 Nxd3 32.Kxd3 Rfd8+ 33.Kc2 Rbc8 34.c5 Rc6 35.Kb3 Bf6 36.Kc4 Rd2
37.Nb4 Rc8 38.Nd5 Bh4 39.Ra3 Rxf2 40.Rb3 Rc2+ 41.Rc3 Rd2 42.Rb3 Rc2+ 43.Rc3  1/2-1/2

[Event "Oslo-45'"]
[Site "Oslo"]
[Date "1996.??.??"]
[Round "2"]
[White "Nikolic, Predrag"]
[Black "Gausel, Einar"]
[Result "1-0"]
[WhiteElo "2670"]
[BlackElo "2520"]

1.d4 Nf6 2.c4 e6 3.Nf3 c5 4.d5 b5 5.dxe6 fxe6 6.cxb5 Bb7 7.a4 Be7 8.g3 O-O
9.Bg2 a6 10.Na3 e5 11.O-O e4 12.Ng5 Qe8 13.bxa6 Nxa6 14.Nxe4 Bxe4 15.Bxe4 Nxe4
16.Qd5+ Qf7 17.Qxe4 d5 18.Qg4 Nb4 19.Bd2 Rxa4 20.b3 Ra6 21.Bxb4 cxb4 22.Nc2 Rxa1
23.Nxa1 Bc5 24.Nc2 h5 25.Qg5 Re8 26.e3 Be7 27.Qe5 Rc8 28.Nd4 Bf6 29.Qf5 Rc3
30.Ra1 g6 31.Ra8+ Kh7 32.Qf4 Qe7 33.Nb5 Rc1+ 34.Kg2 Qe4+ 35.Qxe4 dxe4 36.Nd6 Rb1
37.Nxe4 Be5 38.Re8 Ba1 39.Re7+ Kg8 40.Nc5 Bc3 41.h4 Rb2 42.Re4 Kf7 43.Kf3 Rc2
44.Nd3 Ra2 45.Rf4+ Ke6 46.Nxb4 Ra3 47.Nd3 Bf6 48.Rb4 Ra2 49.Nf4+ Kf7 50.Rb7+  1-0

[Event "Oslo-45'"]
[Site "Oslo"]
[Date "1996.??.??"]
[Round "4"]
[White "Gausel, Einar"]
[Black "Nikolic, Predrag"]
[Result "0-1"]
[WhiteElo "2520"]
[BlackElo "2670"]

1.Nf3 Nf6 2.c4 e6 3.g3 a6 4.Bg2 b5 5.b3 Bb7 6.O-O c5 7.Bb2 Be7 8.Na3 Qb6
9.d3 O-O 10.e4 d6 11.Qe2 Nc6 12.Rfd1 e5 13.h3 Nd7 14.Nc2 Nd4 15.Ncxd4 cxd4
16.Nd2 b4 17.h4 a5 18.a4 Nc5 19.Rab1 Bc6 20.Rf1 Qb7 21.Bh3 Bd7 22.Bxd7 Qxd7
23.Bc1 Qh3 24.Nf3 h6 25.Nh2 f5 26.exf5 Rxf5 27.Rb2 Raf8 28.Bd2 R5f6 29.Rbb1 Qf5
30.f4 Qxd3 31.Qg2 Rg6 32.g4 exf4 33.Nf3 Re6 34.Rbe1 Re4 35.Rxe4 Nxe4 36.Re1 Nxd2
37.Qxd2 Qxf3 38.Rxe7 d3 39.Qe1 Qxg4+ 40.Kh2 d2  0-1

[Event "Rubinstein mem"]
[Site "Polanica Zdroj"]
[Date "1996.??.??"]
[Round "1"]
[White "Rublevsky, Sergei"]
[Black "Nikolic, Predrag"]
[Result "1-0"]
[WhiteElo "2645"]
[BlackElo "2670"]

1.e4 e5 2.Nf3 Nc6 3.d4 exd4 4.Nxd4 Nf6 5.Nxc6 bxc6 6.e5 Qe7 7.Qe2 Nd5 8.c4 Ba6
9.g3 g6 10.b3 Bg7 11.Bb2 O-O 12.Bg2 Rae8 13.O-O Bxe5 14.Qxe5 Qxe5 15.Bxe5 Rxe5
16.cxd5 Bxf1 17.Kxf1 cxd5 18.Nc3 c6 19.Na4 Rb8 20.Rc1 Kf8 21.Nc5 Re7 22.Nd3 a5
23.Rc5 Ra8 24.h4 h6 25.Nf4 Kg7 26.Bh3 Ra7 27.h5 Re5 28.Bg4 a4 29.b4 Re4 30.a3 g5
31.Bf3 Rd4 32.Ne2 Rd3 33.Rc3 Rd1+ 34.Kg2 f5 35.g4 fxg4 36.Bxg4 Rd2 37.Ng3 d4
38.Nf5+ Kh7 39.Rc4 Rd3 40.Rxd4 Rxa3 41.Rd6 Rb3 42.Rxh6+ Kg8 43.Rg6+ Kf8 44.Rf6+ Kg8
45.Ne7+ Kg7 46.Rg6+ Kf7 47.h6 Rxb4 48.Rg7+ Kf6 49.Ng8+ Ke5 50.Rxg5+  1-0

[Event "Rubinstein mem"]
[Site "Polanica Zdroj"]
[Date "1996.??.??"]
[Round "7"]
[White "Nikolic, Predrag"]
[Black "Huebner, Robert"]
[Result "1/2-1/2"]
[WhiteElo "2670"]
[BlackElo "2595"]

1.d4 d5 2.c4 dxc4 3.e4 e5 4.Nf3 Bb4+ 5.Nc3 exd4 6.Nxd4 Ne7 7.Bxc4 O-O 8.Bf4 Ng6
9.Bg3 Nd7 10.O-O Nde5 11.Be2 Bxc3 12.bxc3 Qe7 13.Qb3 Nd7 14.f3 Nc5 15.Qa3 b6
16.Nb3 Ne6 17.Qxe7 Nxe7 18.Rfd1 g5 19.Nd4 Nf4 20.Bc4 c5 21.Bxf4 gxf4 22.Ne2 Ng6
23.Rd6 Kg7 24.Rad1 f5 25.e5 Nxe5 26.Bd5 Rb8 27.Nxf4 Ng6 28.Nxg6 hxg6 29.Re1 f4
30.Re7+ Kh6 31.Be4 Bf5 32.Bxf5 Rxf5 33.h4 Rh5 34.Rdd7 Rh8 35.Rxa7 Rxh4 36.Rab7 Rh5
37.Rxb6 Rd8 38.Rbe6 Rg5 39.c4 Ra8 40.Re5 Rxa2 41.Rxg5 Kxg5 42.Re5+ Kh4 43.Rxc5 g5
44.Rf5 Ra4 45.Kh2  1/2-1/2

[Event "Rubinstein mem"]
[Site "Polanica Zdroj"]
[Date "1996.??.??"]
[Round "8"]
[White "Beliavsky, Alexander G"]
[Black "Nikolic, Predrag"]
[Result "1-0"]
[WhiteElo "2620"]
[BlackElo "2670"]

1.d4 f5 2.c4 Nf6 3.g3 g6 4.Bg2 Bg7 5.Nf3 O-O 6.O-O d6 7.Nc3 Na6 8.Rb1 c6
9.b4 Ne4 10.Nxe4 fxe4 11.Nd2 d5 12.b5 Nc7 13.e3 Bf5 14.bxc6 bxc6 15.Ba3 Rf7
16.Qa4 e5 17.dxe5 Bxe5 18.Qxc6 Rc8 19.Qa4 Ne6 20.cxd5 Qxd5 21.Nxe4 Qxa2 22.Qb3 Rc2
23.Bd6 Qxb3 24.Rxb3 Bxd6 25.Nxd6 Rd7 26.Nxf5 gxf5 27.Rb5 Rc5 28.Rxc5 Nxc5
29.Rc1 Nd3 30.Ra1 Kg7 31.Ra5 Kg6 32.Bh3 Rf7 33.Bf1 Ne1 34.Be2 Rc7 35.Ra1 Nc2
36.Rc1 Rc6 37.Bb5 Rc3 38.Kh1  1-0

[Event "Rubinstein mem"]
[Site "Polanica Zdroj"]
[Date "1996.??.??"]
[Round "9"]
[White "Nikolic, Predrag"]
[Black "Movsesian, Sergei"]
[Result "1-0"]
[WhiteElo "2670"]
[BlackElo "2635"]

1.d4 e6 2.Nf3 c5 3.g3 cxd4 4.Nxd4 a6 5.Bg2 Nf6 6.O-O d5 7.c4 dxc4 8.Qa4+ Nbd7
9.Qxc4 Nb6 10.Qb3 e5 11.Nf3 Be6 12.Qc2 Rc8 13.Nc3 Qc7 14.Ng5 Bd5 15.Bh3 Rd8
16.Be3 Bc6 17.Rad1 Rxd1 18.Rxd1 Nc4 19.Bc1 Nd6 20.Nd5 Qa5 21.Nc3 Be7 22.Bg2 Bxg2
23.Kxg2 Qc5 24.Qa4+ Qc6+ 25.Qxc6+ bxc6 26.Nf3 Nd7 27.b3 f6 28.Na4 Kf7 29.Ba3 Ke6
30.Ne1 Nb7 31.Bxe7 Kxe7 32.Nc2 Nbc5 33.Nxc5 Nxc5 34.Ne3 Ne4 35.Nf5+ Kf7 36.Kf3 Ng5+
37.Ke3 g6 38.Nd6+ Ke7 39.Nb7 Ne6 40.Rc1 Rc8 41.Rc4 Rc7 42.Nc5 Nxc5 43.Rxc5 Kd6
44.Ra5 Ra7 45.g4 h6 46.h4 Ra8 47.b4 Ra7 48.a3 Ra8 49.Kd3 Ra7 50.e3 Ra8 51.f4 exf4
52.exf4 Kc7 53.h5 gxh5 54.Rxh5 Rg8 55.Rh4 Kd7 56.Ke4 Ke6 57.Kf3 Rh8 58.Rh5 Rh7
59.Kg3 Rd7 60.Ra5 Ra7 61.Kh4 Kf7 62.Kh5 Kg7 63.f5 Kh7 64.Rc5 Rc7 65.a4 Kg7
66.b5 axb5 67.axb5 Rb7 68.bxc6 Rc7 69.Rc1 Rc8 70.c7 Kf7 71.Rc6 Kg7 72.Kh4 Kf7
73.Kg3  1-0

[Event "Reykjavik op"]
[Site "Reykjavik"]
[Date "1996.??.??"]
[Round "5"]
[White "Jonasson, Benedikt"]
[Black "Nikolic, Predrag"]
[Result "0-1"]
[WhiteElo "2280"]
[BlackElo "2645"]

1.e4 e6 2.d4 d5 3.Nc3 Bb4 4.e5 c5 5.a3 Bxc3+ 6.bxc3 Qc7 7.Nf3 Ne7 8.a4 b6
9.Bb5+ Bd7 10.O-O Bxb5 11.axb5 O-O 12.Qd3 Rc8 13.dxc5 bxc5 14.c4 Nd7 15.cxd5 Nxe5
16.d6 Nxd3 17.dxc7 Nxc1 18.Rfxc1 Rxc7 19.b6 Rb7 20.Rd1 f6 21.Rd6 Kf7 22.g3 Nc8
23.Rc6 Nxb6 24.Rxc5 Rd8 25.Rb1 Rdd7 26.c4 Rbc7 27.Rbb5 Nxc4 28.Rxc7 Rxc7
29.Nd4 e5 30.Nb3 Ke7 31.Nc5 Kd6 32.Ne4+ Kc6  0-1

[Event "Reykjavik op"]
[Site "Reykjavik"]
[Date "1996.??.??"]
[Round "6"]
[White "Nikolic, Predrag"]
[Black "Stefansson, Hannes"]
[Result "1/2-1/2"]
[WhiteElo "2645"]
[BlackElo "2540"]

1.Nf3 Nf6 2.c4 b6 3.g3 Bb7 4.Bg2 e6 5.O-O Be7 6.d4 O-O 7.Nc3 Ne4 8.Qc2 Nxc3
9.Qxc3 c5 10.b3 Bf6 11.Bb2 cxd4 12.Nxd4 Bxg2 13.Kxg2 Nc6 14.Qe3 Qc8 15.Rfd1 Rd8
16.Rac1 Nxd4 17.Bxd4 Qb7+ 18.f3 Be7 19.Qe5 Bf8 20.Bb2 Rac8 21.Rd2 d6 22.Qe3 a6
23.Rd4 b5 24.Qd2 bxc4 25.Rdxc4 d5 26.R4c2 f6 27.Bd4 Ba3 28.Bb2 Be7 29.Bd4 Ba3
30.Rxc8 Rxc8 31.Rc3 Kf7 32.Qc2 Rxc3 33.Qxc3 Bd6 34.Bf2 e5 35.g4  1/2-1/2

[Event "Ter Apel"]
[Site "Ter Apel"]
[Date "1996.??.??"]
[Round "3"]
[White "Nikolic, Predrag"]
[Black "Svidler, Peter"]
[Result "1-0"]
[WhiteElo "2645"]
[BlackElo "2630"]

1.d4 Nf6 2.Nf3 g6 3.g3 d5 4.Bg2 Bg7 5.O-O O-O 6.c4 c6 7.b3 Ne4 8.Bb2 Bf5
9.e3 Nd7 10.Qe2 a5 11.Nc3 Nxc3 12.Bxc3 Nf6 13.Rfc1 Be4 14.Be1 e6 15.Bf1 c5
16.cxd5 cxd4 17.Nxd4 Bxd5 18.Rd1 Qb6 19.Rac1 Rfc8 20.Nb5 Ne4 21.Bg2 Rc6 22.f3 Rac8
23.Rxc6 Bxc6 24.Nd4 Bxd4 25.Rxd4 Nf6 26.Bf2 e5 27.Rd6 Kg7 28.e4 Qb4 29.Qd2 Bb5
30.Qxb4 axb4 31.Be1 Rc2 32.Bxb4 Rxa2 33.Bc3 Rc2 34.Bxe5 Rc1+ 35.Kf2 Rc2+
36.Kg1 Rc1+ 37.Kf2 Rc2+ 38.Ke3 Rxg2 39.Bxf6+ Kh6 40.Rd5 Bc6 41.Rd8  1-0

[Event "Ter Apel"]
[Site "Ter Apel"]
[Date "1996.??.??"]
[Round "4"]
[White "Andersson, Ulf"]
[Black "Nikolic, Predrag"]
[Result "1/2-1/2"]
[WhiteElo "2630"]
[BlackElo "2645"]

1.d4 d5 2.c4 dxc4 3.e3 Nf6 4.Bxc4 e6 5.Nc3 a6 6.a3 c5 7.dxc5 Qxd1+ 8.Kxd1 Bxc5
9.b4 Bd6 10.Nf3 Nbd7 11.Ke2 Ne5 12.Nxe5 Bxe5 13.Bb2 b5 14.Bd3 Bb7 15.f3 Nd7
16.a4 bxa4 17.Nxa4 Bxb2 18.Nxb2 Ke7 19.Nc4 Rac8 20.Rhc1  1/2-1/2

[Event "Ter Apel"]
[Site "Ter Apel"]
[Date "1996.??.??"]
[Round "5"]
[White "Nikolic, Predrag"]
[Black "Leko, Peter"]
[Result "1-0"]
[WhiteElo "2645"]
[BlackElo "2625"]

1.d4 Nf6 2.Nf3 e6 3.c4 b6 4.Bf4 Bb7 5.e3 Bb4+ 6.Nbd2 O-O 7.Be2 Be7 8.h3 c5
9.dxc5 bxc5 10.O-O Nc6 11.Rc1 Qb6 12.Qc2 Rac8 13.Rfd1 Rfd8 14.a3 h6 15.Nb1 d5
16.Nc3 Na5 17.cxd5 exd5 18.Bd3 d4 19.Na4 Qb3 20.Bf5 Qxc2 21.Rxc2 Bc6 22.Nxc5 Bxf3
23.gxf3 Rxc5 24.Rxc5 Bxc5 25.b4 Bd6 26.Bxd6 dxe3 27.bxa5 e2 28.Rb1 e1=Q+
29.Rxe1 Rxd6 30.Rc1 g5 31.Bc8 Ne8 32.a6 Rb6 33.Bb7 Kf8 34.Rc8 Ke7 35.a4 Kd7
36.Ra8 Nc7 37.Rxa7 Rb4 38.Be4 Rxa4 39.Bd3 Ra3 40.Be2 Ra5 41.Rb7 h5 42.f4 g4
43.hxg4 hxg4 44.Bxg4+ Kd6 45.a7 f5 46.Bf3 Nd5 47.Rb8  1-0

[Event "Yerevan"]
[Site "Yerevan"]
[Date "1996.??.??"]
[Round "1"]
[White "Nikolic, Predrag"]
[Black "Gulko, Boris F"]
[Result "1/2-1/2"]
[WhiteElo "2645"]
[BlackElo "2615"]

1.d4 Nf6 2.Nf3 d5 3.c4 dxc4 4.e3 e6 5.Bxc4 a6 6.O-O c5 7.a4 Nc6 8.Qe2 Qc7
9.Nc3 Bd6 10.h3 O-O 11.Rd1 b6 12.d5 exd5 13.Bxd5 Bb7 14.e4 Rae8 15.Bg5 Nd4
16.Nxd4 Nxd5 17.Nxd5 Bxd5 18.Nb5 axb5 19.Rxd5 bxa4 20.Rxa4 Bh2+ 21.Kh1 Bf4
22.Bxf4  1/2-1/2

[Event "Yerevan"]
[Site "Yerevan"]
[Date "1996.??.??"]
[Round "4"]
[White "Minasian, Artashes"]
[Black "Nikolic, Predrag"]
[Result "0-1"]
[WhiteElo "2580"]
[BlackElo "2645"]

1.c4 e5 2.Nc3 Nc6 3.Nf3 Nf6 4.g3 Nd4 5.Bg2 Nxf3+ 6.Bxf3 Bb4 7.Qb3 Bc5 8.O-O O-O
9.d3 h6 10.Na4 Be7 11.Be3 c6 12.c5 d5 13.cxd6 Bxd6 14.Rfc1 Qe7 15.Bc5 Rd8
16.Bxd6 Qxd6 17.Nc5 Qe7 18.Rc2 Nd5 19.Qa4 b6 20.Ne4 Bb7 21.a3 c5 22.Rac1 a5
23.Nd2 Qe6 24.Qh4 Rab8 25.Nc4 Bc6 26.Qh5 Re8 27.Bg4 Qf6 28.Bf3 Rbd8 29.Qh3 Ba4
30.Rd2 Bb3 31.Qg2 Qe6 32.Bxd5 Rxd5 33.Rc3 a4 34.Ne3 Rd7 35.Nf1 Red8 36.f3 f5
37.e4 f4 38.Qf2 Rd4 39.gxf4 exf4 40.Qh4 Qe5 41.h3 R8d6 42.Nh2 h5 43.Nf1 Rg6+
44.Kh2 Rdd6 45.Qf2 h4 46.d4 cxd4 47.Rcd3 Bc4 48.Rxd4 Rxd4 49.Rxd4 Bxf1 50.Rd8+ Kh7
51.Rd5 Qf6 52.Rh5+ Kg8 53.Rf5 Qxf5 54.exf5 Rg2+ 55.Qxg2 Bxg2 56.Kxg2 Kf7
57.Kf2 Kf6 58.Ke2 Kxf5 59.Kd3 Ke5 60.Kc4 b5+ 61.Kc3 Kd5 62.Kd3 Kc5 63.Kc3 b4+
64.Kd3 g5 65.axb4+ Kxb4 66.Kc2 Kc4 67.Kd2 Kb3 68.Kc1 g4 69.fxg4 f3 70.Kd2 f2  0-1

[Event "Yerevan"]
[Site "Yerevan"]
[Date "1996.??.??"]
[Round "5"]
[White "Nikolic, Predrag"]
[Black "Lputian, Smbat G"]
[Result "1/2-1/2"]
[WhiteElo "2645"]
[BlackElo "2580"]

1.d4 d5 2.c4 e6 3.Nc3 Be7 4.Nf3 Nf6 5.Bg5 h6 6.Bh4 O-O 7.e3 Ne4 8.Bxe7 Qxe7
9.Qc2 Nxc3 10.Qxc3 dxc4 11.Bxc4 c5 12.O-O cxd4 13.Nxd4 Bd7 14.Qb3 e5 15.Ne2 Nc6
16.Bd5 Nb4 17.Nc3 Nxd5 18.Nxd5  1/2-1/2

[Event "Yerevan"]
[Site "Yerevan"]
[Date "1996.??.??"]
[Round "6"]
[White "Nikolic, Predrag"]
[Black "Khalifman, Alexander"]
[Result "1/2-1/2"]
[WhiteElo "2645"]
[BlackElo "2650"]

1.d4 Nf6 2.c4 g6 3.Nf3 Bg7 4.g3 O-O 5.Bg2 d5 6.O-O c6 7.b3 dxc4 8.bxc4 c5
9.Bb2 cxd4 10.Nxd4 Qb6 11.Nb3 Rd8 12.Qc1 Nc6 13.Nc3 Be6 14.Na4 Qc7 15.Nac5 Bf5
16.a3 Qb6 17.h3 Nd7 18.Bxg7 Nxc5 19.Nxc5 Qxc5 20.Bb2 Be6 21.Kh2 Qxc4 22.Qh6 Nd4
23.Bxd4 Qxd4 24.Bxb7 Rab8 25.Bf3 Rb5 26.Qf4 Qxf4 27.gxf4 Rd4 28.Kg3 Ra4 29.Rfd1 Rb3
30.Rd3 Rxd3 31.exd3 Bf5 32.Be2 Kg7 33.Bf1 Kf6 34.Kf3 h6 35.Ke3 e5 36.fxe5+ Kxe5
37.Bg2 g5 38.Bf1 Rh4 39.Rb1 Bxh3 40.Rb5+ Kd6 41.Bxh3 Rxh3+ 42.Ke2 g4 43.Ra5 Rh2
44.Rxa7 f5 45.Kf1 Rh1+ 46.Kg2 Rd1 47.Ra6+ Ke5 48.Rxh6 Rxd3 49.Ra6 Kf4 50.Ra4+ Kg5
51.Ra8 Rd2 52.Ra5 Rb2 53.Kg3 Rb3+ 54.Kg2 Rc3 55.Ra8 Rc4 56.Ra5 Kf4 57.Ra8 Rc2  1/2-1/2

[Event "Yerevan ol (Men)"]
[Site "Yerevan"]
[Date "1996.??.??"]
[Round "7"]
[White "Oll, Lembit"]
[Black "Nikolic, Predrag"]
[Result "1-0"]
[WhiteElo "2620"]
[BlackElo "2670"]

1.d4 Nf6 2.c4 e6 3.Nf3 b6 4.g3 Ba6 5.b3 Bb7 6.Bg2 Bb4+ 7.Bd2 a5 8.O-O O-O
9.Qc2 Re8 10.Nc3 d6 11.Rfe1 Bxc3 12.Bxc3 Be4 13.Qb2 Nbd7 14.Bf1 d5 15.Ne5 Nxe5
16.dxe5 Nd7 17.f3 Bg6 18.cxd5 exd5 19.Rad1 c6 20.e4 dxe4 21.Bh3 Ra7 22.f4 f5
23.exf6 Bf7 24.Rd6 Bd5 25.Qe2 Rf8 26.Rxd5  1-0

[Event "Yerevan ol (Men)"]
[Site "Yerevan"]
[Date "1996.??.??"]
[Round "11"]
[White "Illescas Cordoba, Miguel"]
[Black "Nikolic, Predrag"]
[Result "1/2-1/2"]
[WhiteElo "2640"]
[BlackElo "2670"]

1.Nf3 d5 2.d4 Nf6 3.c4 e6 4.Nc3 Nbd7 5.Bg5 h6 6.Bh4 dxc4 7.e3 Nb6 8.Bxc4 Nxc4
9.Qa4+ Bd7 10.Qxc4 Rc8 11.Ne5 Be7 12.O-O O-O 13.Rfd1 c6 14.Qb3 b6 15.Rac1 Be8
16.Bxf6 Bxf6 17.a4 Qc7 18.Nd3 a5 19.Qc4 Be7 20.Qa6 Qd8 21.Qc4 Qc7 22.h3 Qb7
23.Ne4 Bd7 24.Qb3 Rc7 25.Ne5 Rd8 26.Nxd7  1/2-1/2

[Event "Yerevan ol (Men)"]
[Site "Yerevan"]
[Date "1996.??.??"]
[Round "12"]
[White "Nikolic, Predrag"]
[Black "Lputian, Smbat G"]
[Result "1/2-1/2"]
[WhiteElo "2670"]
[BlackElo "2595"]

1.d4 Nf6 2.c4 g6 3.Nf3 Bg7 4.g3 d5 5.cxd5 Nxd5 6.Bg2 Nc6 7.O-O Nb6 8.e3 O-O
9.Nc3 Re8 10.d5 Na5 11.Nd4 Bd7 12.b3 c6 13.dxc6 Nxc6 14.Nxc6 Bxc6 15.Bxc6 Qxd1
16.Rxd1 bxc6 17.Bb2 a5 18.Rac1 a4 19.Nxa4 Nxa4 20.Bxg7 Kxg7 21.bxa4 Rxa4
22.Rxc6 Rxa2  1/2-1/2

[Event "Yerevan ol (Men)"]
[Site "Yerevan"]
[Date "1996.??.??"]
[Round "13"]
[White "Van Wely, Loek"]
[Black "Nikolic, Predrag"]
[Result "1/2-1/2"]
[WhiteElo "2605"]
[BlackElo "2670"]

1.d4 f5 2.g3 Nf6 3.Bg2 g6 4.Nf3 Bg7 5.O-O O-O 6.b3 d6 7.Bb2 Na6 8.c4 e5 9.dxe5 Ng4
10.h3 Nxe5 11.Qd5+ Nf7 12.Bxg7 Kxg7 13.Qd4+ Qf6 14.Qxf6+ Kxf6 15.Nc3 Re8
16.Nd4 c6 17.Rfd1 Bd7 18.b4 Rac8 19.b5 Nc5 20.Nb3 cxb5 21.cxb5 Nxb3 22.Nd5+ Kg7
23.axb3 Bxb5 24.Rxa7 Bxe2 25.Rd2 Rb8 26.Nc3 Ba6 27.b4 Re1+ 28.Kh2 Bf1 29.Bd5 Nd8
30.Bf3 Rc1 31.Na2 Ra1 32.Rxd6 Bc4 33.Rd2 Kf6 34.Ra4 Bb3 35.Ra3 Be6 36.Ra4 Bb3
37.Ra3 Be6 38.Ra4 Nc6 39.b5 Ne5 40.Bg2 Nc4 41.Re2 b6 42.Ra6 Rd8 43.Rc2 Rb1
44.Nc3 Rb4 45.Ra7 h5 46.Rc7 Rd6 47.Rc6 Ke7 48.Rc7+ Kf6 49.Rc6 Ke7 50.Rc7+  1/2-1/2